| 000 | 00000cam 2200000zi 4500 |
| 001 | 9.955482 |
| 003 | CaOODSP |
| 005 | 20260603150033 |
| 006 | m o d f |
| 007 | cr bn||||||||| |
| 008 | 250918t20252025onc o f000 0 fre d |
| 020 | |a9780660790350 |
| 040 | |aCaOODSP|bfre|erda|cCaOODSP |
| 043 | |an-cn--- |
| 086 | 1 |aBT39-91/2025F-PDF |
| 245 | 00|aProjet d'amélioration des mesures d'adaptation. |
| 264 | 1|aOttawa, Ontario : |bSecrétariat du Conseil du trésor du Canada = Treasury Board of Canada Secretariat, |c2025. |
| 264 | 4|c©2025 |
| 300 | |a1 ressource en ligne (4 pages) |
| 336 | |atexte|btxt|2rdacontent/fre |
| 337 | |ainformatique|bc|2rdamedia/fre |
| 338 | |aressource en ligne|bcr|2rdacarrier/fre |
| 500 | |aTitre de la couverture. |
| 500 | |aPublié aussi en anglais sous le titre : Better accommodation project. |
| 500 | |a« Publié : le 2025-09-29. » |
| 650 | 6|aMilieu de travail|xAccessibilité aux personnes handicapées|xPolitique gouvernementale|zCanada. |
| 710 | 1 |aCanada. |bConseil du trésor, |eorganisme de publication. |
| 775 | 08|tBetter accommodation project.|w(CaOODSP)9.955481 |
| 856 | 40|qPDF|s899 Ko|uhttps://publications.gc.ca/collections/collection_2026/sct-tbs/BT39-91-2025-fra.pdf |
| 856 | 4 |qHTML|sS.O.|uhttps://www.canada.ca/fr/gouvernement/fonctionpublique/mieux-etre-inclusion-diversite-fonction-publique/diversite-equite-matiere-emploi/accessibilite-fonction-publique/projet-amelioration-mesures-adaptation.html |